000 00290nam a2200121Ia 4500
008 190216s9999||||xx |||||||||||||| ||und||
100 _aMadan Lal Goud
245 0 _aHindi-Pramath Kumar Sugjom Ki Kahaniyam
260 _bSahithya Accadamy
300 _a208
650 _aHindi
942 _cBK
999 _c16243
_d16243